| 000 | 00000nam##2200000za#4500 |
| 001 | 9.607029 |
| 003 | CaOODSP |
| 005 | 20210624212925 |
| 007 | cr ||||||||||| |
| 008 | 150406|1999||||xxc|||||o f|0| 0 fre|d |
| 022 | |a1488-545X |
| 040 | |aCaOODSP|bfre |
| 043 | |an-cn--- |
| 086 | 1 |aFs97-6/2278F-PDF |
| 110 | 1 |aCanada. |bMinistère des pêches et des océans. |
| 245 | 10|aMaturité à la longueur et à l'âge chez le maquereau bleu (Scomber scombrus L.) échantillonné dans la baie St. Margarets en Nouvelle-Écosse en 1996 / |h[ressource électronique]|c[par] F. Grégoire
[et al.] |
| 260 | |aMont-Joli - Québec : |bPêches et Océans Canada |c1999. |
| 300 | |a120p.|bfigures, références, tableaux |
| 490 | 1 |aRapport technique canadien des sciences halieutiques et aquatiques|x1488-545X|vN° 2278 |
| 500 | |aSur la p. de t. : Institut Maurice Lamontagne, Mont Joli, (Québec). Le numéro de catalogue et l'ISSN de l'édition imprimée apparaissent dans la version PDF. |
| 546 | |a(Abstract in English). |
| 590 | |a14-10-Supp|b2014-05-08 |
| 720 | 1 |aGrégoire, F. |
| 776 | 0#|tMaturity at length and age in Atlantic mackerel (Scomber scombrus L.) sampled in St. Margarets Bay, Nova Scotia, in 1996 / |w(CaOODSP)9.532726 |
| 776 | 0#|tMaturité à la longueur et à l'âge chez le maquereau bleu (Scomber scombrus L.) échantillonné dans la baie St. Margarets en Nouvelle-Écosse en 1996 / |w(CaOODSP)9.532727 |
| 830 | #0|aRapport technique canadien des sciences halieutiques et aquatiques,|x1488-545X|vN° 2278|w(CaOODSP)9.500867 |
| 856 | 40|ahttp://publications.gc.ca|qPDF|s4309 Ko|uhttps://publications.gc.ca/collections/collection_2014/mpo-dfo/Fs97-6-2278-fr.pdf|yN° 2278 |